Normal view MARC view
  • Loewen, Kenneth

Entry Personal Name

Number of records used in: 1

001 - CONTROL NUMBER

  • control field: 102904

003 - CONTROL NUMBER IDENTIFIER

  • control field: NUST

005 - DATE AND TIME OF LATEST TRANSACTION

  • control field: 20221117140320.0

008 - FIXED-LENGTH DATA ELEMENTS

  • fixed length control field: 221117|| aca||aabn | a|a d

040 ## - CATALOGING SOURCE

  • Original cataloging agency: NUST
  • Transcribing agency: NUST

100 ## - HEADING--PERSONAL NAME

  • Personal name: Loewen, Kenneth

670 ## - SOURCE DATA FOUND

  • Source citation: Work cat.: (NUST)181000: Loewen, Kenneth., Calculus for management, economics, and the life sciences /, [1974, c1975]
© 2023 Central Library, National University of Sciences and Technology. All Rights Reserved.